| 000 | 01152nam a22002777a 4500 | ||
|---|---|---|---|
| 005 | 20101206113148.0 | ||
| 008 | 101206t xxu||||| |||| 00| 0 hin d | ||
| 010 | _aHIN-93237 | ||
| 020 |
_c225.00 _a8188913073 |
||
| 035 | _aHN-65583 | ||
| 037 | _bDBAD/PUB | ||
| 040 |
_aDPL _bHN |
||
| 082 | _a615.88 | ||
| 100 |
_924598 _aभाटिया, सुदर्शन |
||
| 245 |
_aहमारा स्वास्थ्य और घरेलू उपचार / _cसुदर्शन भाटिया _bर्णन / |
||
| 246 |
_aHamara swasthya aur gharelu Upchar _bby Sudarshan Bhatia |
||
| 260 |
_aदिल्ली _bग्रंथ सदन _c2011 |
||
| 270 |
_bदिल्ली _a27/109-ए/3, ज्वाला नगर _e110032 |
||
| 300 |
_a128पृ. _c22सेमी (सजिल्द) |
||
| 650 | _91169 | ||
| 650 | _929580 | ||
| 700 | _924599 | ||
| 700 | _924924 | ||
| 942 |
_2ddc _cHN _mभाटिया _h615.88 |
||
| 999 |
_c53955 _d53955 |
||